| 000 | 00700nam a2200217 u 4500 | ||
|---|---|---|---|
| 005 | 20250626063900.0 | ||
| 008 | 160205s2008 r 000 0 eng d | ||
| 020 | _a9789876121552 | ||
| 035 | _aUPN01000207871 | ||
| 049 | _aCG | ||
| 050 | 4 |
_aHQ35 _bM3.5 |
|
| 100 | 1 |
_aMadaras, Lynda _936442 |
|
| 245 | 1 | 0 |
_aEn sus marcas, listos ... ¡a crecer! / _cLynda Madaras ; il. de Paul Gilligan ; tr. de Silvia Sassone. |
| 260 |
_aBuenos Aires : _bV&R, _c2008. |
||
| 300 |
_a75 p. : _bil. |
||
| 534 |
_pTítulo original : _tOn your Mark, Get Set, Grow |
||
| 650 | 4 |
_aEducación sexual para adolescentes _94850 |
|
| 650 | 4 |
_aEducación de adolescentes _9252 |
|
| 650 | 2 |
_aPubertad _914834 |
|
| 905 | _aLibro | ||
| 999 |
_c179972 _d179972 |
||